| 000 | 00407nam a2200181Ia 4500 | ||
|---|---|---|---|
| 100 | _aBratko/Ivan | ||
| 650 | _aArtificial Intelligence | ||
| 250 | _a3 | ||
| 942 | _cBK | ||
| 366 | _f20 | ||
| 654 | _aprolog | ||
| 245 | _aProlog-Programming for Artificial Intelligence | ||
| 260 |
_bPearson Education _aMumbai _c2001 |
||
| 082 |
_a006.3/BRA _bBRA |
||
| 300 | _a678 | ||
| 546 | _aENGLISH | ||
| 999 |
_c30571 _d30571 |
||